00821nam a2200145Ia 4500008004100000020002200041050002200063100002200085245011200107260002100219300001000240500002200250505025200272650015100524121028s9999 xx 000 0 und d a978-970-732-256-1 aLB3013.3 C74 2008 aCobo Ocejo Paloma aBullying en mexico : conducta violenta en niños y adolescentes / Paloma Cobo Ocejo , Romero Tello Garrido aMexico: Lectorum a230 p aIncluye Contenido a1.- La violencia, sus origenes sus causas y sus fines. 2.- Los modelos de conducta violenta, ¿mas cerca de lo que imaginamos? 3.- Bullying. 4.- Como manejar el bulling en el ambiente familiar 5.- Como manejar el bulling en la escuela CONCLUSIONES aIntimidación en escuelas Agresividad (Psicología) Fijación de la personalidad de los adolescentes Relaciones de familia Ì